<?xml version="1.0" encoding="UTF-8"?>
<record
    xmlns:xsi="http://www.w3.org/2001/XMLSchema-instance"
    xsi:schemaLocation="http://www.loc.gov/MARC21/slim http://www.loc.gov/standards/marcxml/schema/MARC21slim.xsd"
    xmlns="http://www.loc.gov/MARC21/slim">

  <leader>01010nam a2200217 a 4500</leader>
  <controlfield tag="003">OSt</controlfield>
  <controlfield tag="005">20201002060813.0</controlfield>
  <controlfield tag="008">181003s2007                  000   spa d</controlfield>
  <datafield tag="020" ind1=" " ind2=" ">
    <subfield code="a">9789589806746</subfield>
  </datafield>
  <datafield tag="040" ind1=" " ind2=" ">
    <subfield code="a">DO-SdBNP</subfield>
    <subfield code="b">spa</subfield>
    <subfield code="c">BNPHU</subfield>
  </datafield>
  <datafield tag="110" ind1="1" ind2=" ">
    <subfield code="a">Colombia. </subfield>
    <subfield code="b">Ministerio de la Proteccion Social.</subfield>
    <subfield code="9">76610</subfield>
  </datafield>
  <datafield tag="245" ind1=" " ind2="0">
    <subfield code="a">Gu&#xED;a de atenci&#xF3;n integral de salud ocupacional basada en la evidencia para des&#xF3;rdenes m&#xFA;sculo esquel&#xE9;ticos (DME) relacionados con movimientos repetitivos de miembros superiores (s&#xED;ndrome de t&#xFA;nel carpiano, epicondilitis y enfermedad de De Quervain) </subfield>
    <subfield code="c">presentaci&#xF3;n Ana Mar&#xED;a Cabrera Videla.</subfield>
  </datafield>
  <datafield tag="260" ind1=" " ind2=" ">
    <subfield code="a">Bogot&#xE1; : </subfield>
    <subfield code="b">Pontificia Universidad Javeriana,</subfield>
    <subfield code="c">2007.</subfield>
  </datafield>
  <datafield tag="300" ind1=" " ind2=" ">
    <subfield code="a">119 p. </subfield>
    <subfield code="b">il. </subfield>
    <subfield code="c">27 cm.</subfield>
  </datafield>
  <datafield tag="490" ind1="1" ind2=" ">
    <subfield code="a">Guia de Atencion Integral de Salud Ocupacional </subfield>
    <subfield code="v">4</subfield>
  </datafield>
  <datafield tag="504" ind1=" " ind2=" ">
    <subfield code="a">Bibliograf&#xED;a : 103-108</subfield>
  </datafield>
  <datafield tag="700" ind1="1" ind2=" ">
    <subfield code="a">Cabrera Videla, Ana Mar&#xED;a,</subfield>
    <subfield code="e">presentaci&#xF3;n </subfield>
    <subfield code="9">76609</subfield>
  </datafield>
  <datafield tag="830" ind1=" " ind2="0">
    <subfield code="a">Guia de Atencion Integral de Salud Ocupacional ; 4</subfield>
    <subfield code="9">76619</subfield>
  </datafield>
  <datafield tag="942" ind1=" " ind2=" ">
    <subfield code="2">ddc</subfield>
    <subfield code="c">LF1</subfield>
  </datafield>
  <datafield tag="952" ind1=" " ind2=" ">
    <subfield code="0">0</subfield>
    <subfield code="1">0</subfield>
    <subfield code="2">ddc</subfield>
    <subfield code="7">0</subfield>
    <subfield code="a">BNPHU</subfield>
    <subfield code="b">BNPHU</subfield>
    <subfield code="d">2020-09-10</subfield>
    <subfield code="e">CNSS</subfield>
    <subfield code="l">0</subfield>
    <subfield code="r">2020-09-10</subfield>
    <subfield code="w">2020-09-10</subfield>
    <subfield code="y">LF1</subfield>
  </datafield>
  <datafield tag="956" ind1=" " ind2=" ">
    <subfield code="a">LOPEREZ</subfield>
  </datafield>
  <datafield tag="999" ind1=" " ind2=" ">
    <subfield code="c">47394</subfield>
    <subfield code="d">47394</subfield>
  </datafield>
</record>
